Ho dato tutto. (Record n. 10789)
[ formato base ]
| 000 -LEADER | |
|---|---|
| fixed length control field | 00969nam a2200193Ia 4500 |
| 003 - CONTROL NUMBER IDENTIFIER | |
| control field | IT-RoPAU |
| 005 - DATE AND TIME OF LATEST TRANSACTION | |
| control field | 20220918175427.0 |
| 008 - FIXED-LENGTH DATA ELEMENTS--GENERAL INFORMATION | |
| fixed length control field | 120407s9999 xx 000 0 und d |
| 040 ## - CATALOGING SOURCE | |
| Original cataloging agency | IT-RoPAU |
| Transcribing agency | 20130207092321.0 |
| 040 ## - CATALOGING SOURCE | |
| Transcribing agency | IT-RoPAU |
| 100 ## - MAIN ENTRY--PERSONAL NAME | |
| Personal name | Fornasari, Eugenio |
| 9 (RLIN) | 378 |
| 245 ## - TITLE STATEMENT | |
| Title | Ho dato tutto. |
| Remainder of title | Il venerabile don Francesco Chiesa |
| 250 ## - EDITION STATEMENT | |
| Edition statement | I |
| 260 ## - PUBLICATION, DISTRIBUTION, ETC. (IMPRINT) | |
| Place of publication, distribution, etc. | Alba |
| Name of publisher, distributor, etc. | SSP |
| Date of publication, distribution, etc. | 1993 |
| 300 ## - PHYSICAL DESCRIPTION | |
| Dimensions | 21,5 cm |
| Extent | 274 p. |
| 490 ## - SERIES STATEMENT | |
| Volume/sequential designation | I |
| Series statement | Edizioni San Paolo |
| 520 ## - SUMMARY, ETC. | |
| Summary, etc. | Indice<br/><br/>Prefazione di monsignor Giulio Nicolini,<br/>vescovo di Alba<br/><br/> 1. L'anello forte<br/> 2. Nel tabernacolo<br/> 3. Sacerdozio giovane<br/> 4. Provvidenziale incontro<br/> 5. Un secolo di profezia<br/> 6. La piena maturità<br/> 7. Il vice di Cristo<br/> 8. Pastorale di comunione<br/> 9. La comunità d'amore<br/>10. L'uomo di tutti<br/>11. Il comunicatore<br/>12. <<Il parroco della casa>><br/>13. <<Grandi fastidi<br/>14. Gli anni di piombo<br/>15. Il morire d'un giusto<br/>16. La soglia luminosa<br/>Postfaziione<br/>Appendice<br/> |
| 942 ## - ADDED ENTRY ELEMENTS (KOHA) | |
| Koha item type | LIBRO |
| Source of classification or shelving scheme | Dewey Decimal Classification |
| Withdrawn status | Lost status | Source of classification or shelving scheme | Damaged status | Not for loan | Home library | Current library | Date acquired | Total Checkouts | Full call number | Barcode | Date last seen | Price effective from | Koha item type | Public note |
|---|---|---|---|---|---|---|---|---|---|---|---|---|---|---|
| Dewey Decimal Classification | Buone Condizioni | Not For Loan | PAULUS-BIBLIOTECA | PAULUS-BIBLIOTECA | 11/04/2012 | P B5 | 9788821526893 | 11/04/2012 | 11/04/2012 | LIBRO | ||||
| Dewey Decimal Classification | Buone Condizioni | Not For Loan | PAULUS-BIBLIOTECA | PAULUS-BIBLIOTECA | 11/04/2012 | P B5 | 11/04/2012 | 11/04/2012 | LIBRO | Inserito da: Valentino In data: n.d. fondo: Fanella - Valentino Progr:10533 | ||||
| Dewey Decimal Classification | Buone Condizioni | Not For Loan | PAULUS-BIBLIOTECA | PAULUS-BIBLIOTECA | 07/02/2013 | P B5 | 07/02/2013 | 07/02/2013 | LIBRO |